Score 0/10 Timer 02:00
1 Play Today
Song Title Missing Word % Correct
_______ My FireLight
98.1%
Break on ______ (To The Other Side)Through
86.9%
Riders On The ______Storm
86%
_______ Me Two TimesLove
79.9%
People Are _______Strange
73.2%
Love Her ______Madly
61.8%
_______, I Love YouHello
59.7%
_______ MeTouch
32.6%
The _________ SoldierUnknown
32.2%
Wishful ________Sinful
17.6%

Today's Daily Dose

Missing Word
'T' Pairs

Word Ladder
Game Pieces

Get the Picture
Baseball Movies

Remove Ads.
Support Sporcle.
Get the best of Sporcle when you Go Orange. This ad-free experience offers more features, more stats, and more fun while also helping to support Sporcle. Thank you for becoming a member.

You're not logged in!

Compare scores with friends on all Sporcle quizzes.
OR
Log In

Show Comments

Extras

Top Quizzes Today


Score Distribution

Your Account Isn't Verified!

In order to create a playlist on Sporcle, you need to verify the email address you used during registration. Go to your Sporcle Settings to finish the process.

Report this User

Report this user for behavior that violates our Community Guidelines.

Details: